<?xml version="1.0" encoding="UTF-8"?>
<record
    xmlns:xsi="http://www.w3.org/2001/XMLSchema-instance"
    xsi:schemaLocation="http://www.loc.gov/MARC21/slim http://www.loc.gov/standards/marcxml/schema/MARC21slim.xsd"
    xmlns="http://www.loc.gov/MARC21/slim">

  <leader>02416aam a2200349 i 4500</leader>
  <controlfield tag="001">1574136</controlfield>
  <controlfield tag="003">CO-MdUADB</controlfield>
  <controlfield tag="005">20260508094703.0</controlfield>
  <controlfield tag="007">ta</controlfield>
  <controlfield tag="008">220729s1991    ck  |||gr||||   0   spa d</controlfield>
  <datafield tag="020" ind1=" " ind2=" ">
    <subfield code="a">9581400087</subfield>
  </datafield>
  <datafield tag="035" ind1=" " ind2=" ">
    <subfield code="a">1574136</subfield>
  </datafield>
  <datafield tag="035" ind1=" " ind2=" ">
    <subfield code="a">44310</subfield>
  </datafield>
  <datafield tag="035" ind1=" " ind2=" ">
    <subfield code="a">(OCoLC)778106806</subfield>
  </datafield>
  <datafield tag="040" ind1=" " ind2=" ">
    <subfield code="c">CO-MdUADB</subfield>
    <subfield code="b">spa</subfield>
    <subfield code="a">CO-MdUADB</subfield>
    <subfield code="e">rda</subfield>
  </datafield>
  <datafield tag="041" ind1="0" ind2=" ">
    <subfield code="a">spa</subfield>
  </datafield>
  <datafield tag="082" ind1="7" ind2="4">
    <subfield code="a">980</subfield>
  </datafield>
  <datafield tag="100" ind1="1" ind2=" ">
    <subfield code="a">Arango Cano, Jes&#xFA;s,</subfield>
    <subfield code="d">1915-2015</subfield>
    <subfield code="e">aut</subfield>
    <subfield code="9">469294</subfield>
  </datafield>
  <datafield tag="245" ind1="1" ind2="0">
    <subfield code="a">Mitos, leyendas y dioses Chibchas /</subfield>
    <subfield code="c">Jes&#xFA;s Arango Cano</subfield>
  </datafield>
  <datafield tag="250" ind1=" " ind2=" ">
    <subfield code="a">3.&#xAA; edici&#xF3;n</subfield>
  </datafield>
  <datafield tag="264" ind1=" " ind2="4">
    <subfield code="a">Bogot&#xE1; :</subfield>
    <subfield code="b">Plaza &amp; Jan&#xE9;s,</subfield>
    <subfield code="c">1985, 1991.</subfield>
  </datafield>
  <datafield tag="300" ind1=" " ind2=" ">
    <subfield code="a">167 p&#xE1;ginas</subfield>
  </datafield>
  <datafield tag="490" ind1="1" ind2=" ">
    <subfield code="a">Selecci&#xF3;n Cultura Colombiana. Historia ;</subfield>
    <subfield code="v">6</subfield>
  </datafield>
  <datafield tag="505" ind1="0" ind2="0">
    <subfield code="t">Pr&#xF3;logo --</subfield>
    <subfield code="t">Introducci&#xF3;n --</subfield>
    <subfield code="t">Bachu&#xE9; --</subfield>
    <subfield code="t">Mito sobre la creaci&#xF3;n del Sol y la Luna --</subfield>
    <subfield code="t">El mito de Chiminigagua --</subfield>
    <subfield code="t">Nemqueteba --</subfield>
    <subfield code="t">Bochica --</subfield>
    <subfield code="t">Leyenda de la Cacica de Guatavita --</subfield>
    <subfield code="t">La leyenda de "El Dorado" --</subfield>
    <subfield code="t">Hunzah&#xFA;a --</subfield>
    <subfield code="t">Tomagata --</subfield>
    <subfield code="t">Goranchacha --</subfield>
    <subfield code="t">A manera de ep&#xED;logo. </subfield>
  </datafield>
  <datafield tag="520" ind1="3" ind2=" ">
    <subfield code="a">"La etnia Muisca m&#xE1;s conocida como los chibchas, fue una agrupaci&#xF3;n de tribus abor&#xED;genes colombianas que alcanz&#xF3; importante nivel cultural en el entorno, con &#xE9;nfasis en t&#xE9;cnicas de orfebrer&#xED;a con oro, agricultura, comercio de esmeraldas y medicina. Adem&#xE1;s de estos adelantos cient&#xED;ficos derivados de su organizaci&#xF3;n social y mentalidad pacifista, los Muiscas dejaron para la historia una serie de mitos, leyendas y cultos a diferentes dioses, que los cronistas espa&#xF1;oles rese&#xF1;aron para la posteridad y han sido fuente de inspiraci&#xF3;n para diversos escritores, guionistas de televisi&#xF3;n y poetas. En la obra Mitos, Leyendas y Dioses Chibchas, el escritor colombiano Jos&#xE9; Arango Cano, reconstruye con descripciones ricas en figuras literarias las m&#xE1;s resaltantes, cr&#xF3;nicas y rasgos culturales de la fant&#xE1;stica concepci&#xF3;n sociocultural e imaginativas creaciones sicosociales de los chamanes y asesores espirituales de los zipas y los zaques, encargados de someter las tribus al arbitrio de los caciques, presentados por sus asesores como seres divinos."</subfield>
  </datafield>
  <datafield tag="650" ind1=" " ind2=" ">
    <subfield code="a">Chibchas (Ind&#xED;genas) - Religi&#xF3;n y mitolog&#xED;a</subfield>
    <subfield code="9">40693</subfield>
  </datafield>
  <datafield tag="650" ind1=" " ind2=" ">
    <subfield code="a">Leyendas colombianas</subfield>
    <subfield code="9">23057</subfield>
  </datafield>
  <datafield tag="650" ind1=" " ind2="7">
    <subfield code="a">Leyendas ind&#xED;genas</subfield>
    <subfield code="2">lemb</subfield>
    <subfield code="9">39304</subfield>
  </datafield>
  <datafield tag="650" ind1=" " ind2=" ">
    <subfield code="a">Fondo Marta Cecilia V&#xE9;lez Saldarriaga</subfield>
    <subfield code="9">230705</subfield>
  </datafield>
  <datafield tag="830" ind1=" " ind2="0">
    <subfield code="9">869044</subfield>
    <subfield code="a">Selecci&#xF3;n Cultura Colombiana. Historia (Plaza &amp; Jan&#xE9;s)</subfield>
    <subfield code="v">6</subfield>
  </datafield>
  <datafield tag="942" ind1=" " ind2=" ">
    <subfield code="c">BOOK</subfield>
    <subfield code="2">ddc</subfield>
  </datafield>
  <datafield tag="999" ind1=" " ind2=" ">
    <subfield code="c">843359</subfield>
    <subfield code="d">843359</subfield>
  </datafield>
  <datafield tag="952" ind1=" " ind2=" ">
    <subfield code="0">0</subfield>
    <subfield code="1">0</subfield>
    <subfield code="4">0</subfield>
    <subfield code="7">0</subfield>
    <subfield code="8">GEN</subfield>
    <subfield code="a">BC</subfield>
    <subfield code="b">BC</subfield>
    <subfield code="d">1997-07-09</subfield>
    <subfield code="g">375.00</subfield>
    <subfield code="i">C74037</subfield>
    <subfield code="l">0</subfield>
    <subfield code="o">980.461 A662m</subfield>
    <subfield code="p">61000000282570</subfield>
    <subfield code="r">2023-04-21 00:00:00</subfield>
    <subfield code="t">1</subfield>
    <subfield code="w">2023-04-21</subfield>
    <subfield code="y">BOOK</subfield>
  </datafield>
  <datafield tag="952" ind1=" " ind2=" ">
    <subfield code="0">0</subfield>
    <subfield code="1">0</subfield>
    <subfield code="4">0</subfield>
    <subfield code="7">0</subfield>
    <subfield code="8">SEMIACTIVA</subfield>
    <subfield code="a">BC</subfield>
    <subfield code="b">BC</subfield>
    <subfield code="d">1996-11-29</subfield>
    <subfield code="g">375.00</subfield>
    <subfield code="i">C74038</subfield>
    <subfield code="l">0</subfield>
    <subfield code="o">980.461 A662m e2</subfield>
    <subfield code="p">61000000688131</subfield>
    <subfield code="r">2023-04-21 00:00:00</subfield>
    <subfield code="t">2</subfield>
    <subfield code="w">2023-04-21</subfield>
    <subfield code="y">BOOK</subfield>
  </datafield>
  <datafield tag="952" ind1=" " ind2=" ">
    <subfield code="0">0</subfield>
    <subfield code="1">0</subfield>
    <subfield code="4">0</subfield>
    <subfield code="7">0</subfield>
    <subfield code="8">GENERAL</subfield>
    <subfield code="a">SCDM</subfield>
    <subfield code="b">SCDM</subfield>
    <subfield code="d">2011-12-01</subfield>
    <subfield code="i">C1132435</subfield>
    <subfield code="l">0</subfield>
    <subfield code="o">980.461 A662m</subfield>
    <subfield code="p">0739305</subfield>
    <subfield code="r">2026-05-04 08:26:19</subfield>
    <subfield code="t">4</subfield>
    <subfield code="w">2023-04-21</subfield>
    <subfield code="y">BOOK</subfield>
  </datafield>
</record>
